000 00422nam a2200157Ia 4500
008 210210b1992 xxu||||| |||| 00| 0 eng d
020 _a0 85112 525 5
082 _a032.02 GUIN
100 _aMcFARLAN (Donald).
245 _aGuinnes book of records 1992.
260 _aGreat Britain.
_bGuinness Publishing Ltd.,
_c1992
300 _a704
650 _aGuinness Records
690 _aGeneral Knowledge
906 _a045973
999 _c95019
_d95019